[Event "IECC O-4748"]
[Site "IECC email"]
[Date "2018.09.22"]
[Round "?"]
[White "Hebrard, Jean Marc"]
[Black "Hargreaves, Richard"]
[Result "0-1"]
[WhiteElo "1720"]
[BlackElo "1784"]
[PlyCount "30"]
[EventDate "2018.??.??"]
[EventType "swiss (corr)"]
[EventRounds "2"]
[SourceTitle "Corr 2020"]
[Source "ChessBase"]
[SourceDate "2019.09.30"]
[SourceVersion "1"]
[SourceVersionDate "2019.09.30"]
[SourceQuality "1"]
[WhiteTeam "France"]
[BlackTeam "England"]
[WhiteTeamCountry "FRA"]
[BlackTeamCountry "ENG"]

1. d4 Nf6 2. Nc3 d5 3. e3 e6 4. a3 Bd6 5. Bd3 0-0 6. Nf3 Nc6 7. h4 e5 8. e4 exd4 9. Nxd5 Nxd5 10. exd5 Re8+ 11. Kf1 Ne5 12. Bxh7+ Kxh7 13. Ng5+ Kg8 14. Qh5 Bf5 15. Qh7+ Bxh7 0-1